Music Quiz

Random Music or The Beatles Quiz

Most Top 10 Albums, 1960s Quiz Stats

Quiz not verified by Sporcle

Challenge
Share
Tweet
Score 0/33 Timer 12:00
0 Plays Today
# Artist % Correct
17The Beatles
99%
15Elvis Presley
92.8%
13The Rolling Stones
91.5%
10The Beach Boys
73.9%
18Frank Sinatra
73.8%
8The Supremes
72.9%
6Bob Dylan
62.6%
7The Temptations
59.9%
4The Doors
58.5%
4Aretha Franklin
51.9%
4The Jimi Hendrix Experience
51.2%
5The Monkees
50.4%
5The Four Seasons
43.5%
7Ray Charles
42.2%
4The Mamas & the Papas
39.8%
4Cream
39.1%
4Dave Clark Five
36.9%
# Artist % Correct
11Andy Williams
35.7%
9Barbra Streisand
33.3%
9Herb Alpert & the Tijuana Brass
24.5%
5Peter, Paul & Mary
23.2%
10Mitch Miller
18.5%
4Chubby Checker
18.4%
4Nancy Wilson
17.6%
7Johnny Mathis
14.8%
4Paul Revere & the Raiders
14.3%
7Henry Mancini
13.8%
10The Kingston Trio
12.6%
6Lawrence Welk
10.5%
6Mantovani
7.2%
7Ray Conniff
7.1%
8Enoch Light
5.3%
4Billy Vaughn
3.1%

You're not logged in!

Compare scores with friends on all Sporcle quizzes.
Join for Free
OR
Log In

You Might Also Like...

Show Comments

Extras

Top Quizzes Today


Score Distribution

Your Account Isn't Verified!

In order to create a playlist on Sporcle, you need to verify the email address you used during registration. Go to your Sporcle Settings to finish the process.

Report this User

Report this user for behavior that violates our Community Guidelines.

Details: